| 000 | 01247nam a2200241Ia 4500 | ||
|---|---|---|---|
| 999 |
_c39981 _d39981 |
||
| 001 | 6587 | ||
| 003 | GE_BSU | ||
| 005 | 20191202165044.0 | ||
| 008 | 181216s2009||||ge |||||||||||||| ||geo|| | ||
| 020 | _a9789941010644 | ||
| 040 | _cGE_BSU | ||
| 080 | _a016:821.353.101+016:821.353.1.03+016:821.353.1-522+27-475.2 გ-12 | ||
| 100 |
_aგაბიძაშვილი, ენრიკო _95678 |
||
| 245 |
_aძველი ქართული მწერლობის ნათარგმნი ძეგლები : _bბიბლიოგრაფია 3. ჰომილეტიკა / _cენრიკო გაბიძაშვილი ; რედ. ედიშერ ჭელიძე. |
||
| 264 |
_aთბილისი: _bსაქართველოს მაცნე, _c2009. |
||
| 300 |
_a579 გვ.; _b22 სმ. |
||
| 501 | _aსაძიებლები: გვ. 505-548. | ||
| 520 | _aრეზ. ინგლ. და რუს. | ||
| 653 | _aძველი ქართული სასულიერო მწერლობა | ||
| 653 | _aბიბლიოგრაფია | ||
| 710 |
_aხელნაწერთა ეროვნული ცენტრი _95679 |
||
| 942 |
_cBK _2udc |
||